[Event "EU-ch Seniors 65 19th"]
[Site "Rhodes"]
[Date "2019.04.13"]
[Round "8"]
[White "Wilen, Eero"]
[Black "Labarthe, Francois"]
[Result "1/2-1/2"]
[WhiteElo "2028"]
[BlackElo "1580"]
[PlyCount "74"]
[EventDate "2019.04.06"]
[EventType "swiss"]
[EventRounds "9"]
[EventCountry "GRE"]
[SourceTitle "CBM 189 Extra"]
[Source "ChessBase"]
[SourceDate "2019.06.03"]
[SourceVersion "1"]
[SourceVersionDate "2019.06.03"]
[SourceQuality "1"]

1. d4 Nf6 2. c4 g6 3. Nc3 Bg7 4. e4 d6 5. Nf3 0-0 6. Be2 e5 7. 0-0 Nc6 8. d5 Ne7 9. Ne1 Nd7 10. Be3 f5 11. f3 f4 12. Bf2 g5 13. Nd3 Nf6 14. c5 Ng6 15. Rc1 Rf7 16. cxd6 cxd6 17. Nb5 g4 18. a4 Bf8 19. Qc2 g3 20. hxg3 fxg3 21. Bxg3 Nh5 22. Bh2 Bh6 23. f4 Nhxf4 24. Nxf4 Bxf4 25. Bxf4 Nxf4 26. Bf3 Rg7 27. Rfd1 Bg4 28. Bxg4 Rxg4 29. Rd2 Qh4 30. Nxd6 Nh3+ 31. Kf1 Rf4+ 32. Ke2 Qf2+ 33. Kd3 Qd4+ 34. Ke2 Rf2+ 35. Kd1 Rf1+ 36. Ke2 Rf2+ 37. Kd1 Rf1+ 1/2-1/2

[Event "Hourtin Vins du Medoc op 2nd"]
[Site "Hourtin"]
[Date "2016.07.07"]
[Round "7"]
[White "Martin, Eric"]
[Black "Labarthe, Francois"]
[Result "1-0"]
[WhiteElo "1888"]
[BlackElo "1625"]
[PlyCount "73"]
[EventDate "2016.07.02"]
[EventType "swiss"]
[EventRounds "9"]
[EventCountry "FRA"]
[SourceTitle "EXT 2019"]
[Source "ChessBase"]
[SourceDate "2018.10.10"]
[SourceVersion "1"]
[SourceVersionDate "2018.10.10"]
[SourceQuality "1"]

1. e4 c5 2. Nf3 Nc6 3. d4 cxd4 4. Nxd4 Nf6 5. Nc3 e5 6. Ndb5 d6 7. Nd5 Nxd5 8. exd5 Nb8 9. c4 Be7 10. Be2 0-0 11. 0-0 f5 12. f3 a6 13. Nc3 Qb6+ 14. Kh1 Nd7 15. Na4 Qc7 16. Be3 Nc5 17. b4 Nxa4 18. Qxa4 Bd7 19. Qb3 b6 20. a4 f4 21. Bg1 Rfb8 22. Rfc1 a5 23. c5 bxc5 24. Bxc5 Qd8 25. b5 Kh8 26. Bf2 Bh4 27. Bg1 Bf6 28. Ra2 Rc8 29. Rac2 Rxc2 30. Rxc2 Rc8 31. Bd3 g6 32. b6 Rxc2 33. Bxc2 Qb8 34. b7 Bd8 35. Ba7 Bxa4 36. Bxb8 Bxb3 37. Bxb3 1-0

[Event "Pau op"]
[Site "Pau"]
[Date "2009.02.25"]
[Round "3"]
[White "Labarthe, Francois"]
[Black "Lamue, Olivier"]
[Result "0-1"]
[WhiteElo "1594"]
[BlackElo "1840"]
[PlyCount "66"]
[EventDate "2009.02.24"]
[EventType "swiss"]
[EventRounds "9"]
[EventCountry "FRA"]
[SourceTitle "CBM 129 Extra"]
[Source "ChessBase"]
[SourceDate "2009.05.05"]
[SourceVersion "2"]
[SourceVersionDate "2009.05.20"]
[SourceQuality "1"]

1. e4 c6 2. Nc3 d5 3. Qf3 d4 4. Bc4 e6 5. Nce2 c5 6. Qg3 Nc6 7. Nf3 Nge7 8. d3 Ng6 9. h4 Bd6 10. Qg5 Qxg5 11. Bxg5 a6 12. a4 Bd7 13. h5 Nge5 14. Nxe5 Bxe5 15. f4 Bc7 16. h6 gxh6 17. Rxh6 Bd8 18. Bxd8 Kxd8 19. Kd2 Na5 20. b3 b5 21. b4 bxc4 22. bxa5 c3+ 23. Kd1 Rb8 24. Nc1 Rb4 25. Nb3 c4 26. Nc5 cxd3 27. Nxd7 Kxd7 28. cxd3 Rb2 29. g4 Rc8 30. Rc1 Rg2 31. Rxh7 Rb8 32. Rh1 Rbb2 33. Rf1 Rbd2+ 0-1

[Event "Naujac op"]
[Site "Naujac"]
[Date "2008.06.29"]
[Round "9"]
[White "Godart, Francois"]
[Black "Labarthe, Francois"]
[Result "1-0"]
[WhiteElo "2002"]
[BlackElo "1594"]
[PlyCount "43"]
[EventDate "2008.06.21"]
[EventType "swiss"]
[EventRounds "9"]
[EventCountry "FRA"]
[SourceTitle "CBM 125 Extra"]
[Source "ChessBase"]
[SourceDate "2008.09.01"]
[SourceVersion "1"]
[SourceVersionDate "2008.09.01"]
[SourceQuality "1"]

1. d4 g6 2. Nf3 Nf6 3. c4 Bg7 4. Nc3 0-0 5. g3 d6 6. Bg2 Nbd7 7. 0-0 e5 8. e4 Nh5 9. Be3 f5 10. dxe5 fxe4 11. Ng5 Nxe5 12. Bxe4 Nf6 13. f4 Nxe4 14. Ncxe4 Nf7 15. Nxf7 Rxf7 16. Ng5 Rf5 17. g4 Ra5 18. b4 Rxg5 19. fxg5 Bxa1 20. Qd5+ Kg7 21. Rf7+ Kh8 22. Bd4+ 1-0

[Event "Naujac op"]
[Site "Naujac"]
[Date "2008.06.28"]
[Round "8"]
[White "Labarthe, Francois"]
[Black "Zickelbein, Eva Maria"]
[Result "0-1"]
[WhiteElo "1594"]
[BlackElo "2135"]
[PlyCount "100"]
[EventDate "2008.06.21"]
[EventType "swiss"]
[EventRounds "9"]
[EventCountry "FRA"]
[SourceTitle "CBM 125 Extra"]
[Source "ChessBase"]
[SourceDate "2008.09.01"]
[SourceVersion "1"]
[SourceVersionDate "2008.09.01"]
[SourceQuality "1"]

1. e4 e5 2. Nf3 Nc6 3. Bb5 a6 4. Ba4 Nf6 5. 0-0 b5 6. Bb3 Bb7 7. Re1 Bc5 8. c3 d6 9. d4 Bb6 10. Bg5 Qe7 11. Bc2 h6 12. Be3 Ng4 13. Qe2 Nxe3 14. fxe3 0-0 15. Nbd2 Bc8 16. Kh1 Bg4 17. h3 Bh5 18. Qf2 b4 19. d5 bxc3 20. bxc3 Nb8 21. Nc4 Nd7 22. Nxb6 cxb6 23. c4 Rfc8 24. Bd3 Nc5 25. Qf1 f5 26. Nd2 fxe4 27. Bxe4 Rf8 28. Qg1 Qh4 29. Bf3 Bxf3 30. gxf3 Qxh3+ 31. Qh2 Qxh2+ 32. Kxh2 b5 33. Rf1 b4 34. Nb3 Nb7 35. Kg3 Rfc8 36. Rac1 a5 37. f4 a4 38. Nd2 exf4+ 39. Rxf4 Nc5 40. Rd4 Re8 41. e4 Re5 42. Re1 Rae8 43. Kf3 Rf8+ 44. Kg3 Rg5+ 45. Kh3 Rf4 46. Rf1 Rxf1 47. Nxf1 b3 48. axb3 axb3 49. Nd2 b2 50. Kh2 Nb3 0-1

[Event "Naujac op"]
[Site "Naujac"]
[Date "2008.06.22"]
[Round "2"]
[White "Labarthe, Francois"]
[Black "Maruejols, Claude"]
[Result "0-1"]
[WhiteElo "1594"]
[BlackElo "2043"]
[PlyCount "96"]
[EventDate "2008.06.21"]
[EventType "swiss"]
[EventRounds "9"]
[EventCountry "FRA"]
[SourceTitle "CBM 125 Extra"]
[Source "ChessBase"]
[SourceDate "2008.09.01"]
[SourceVersion "1"]
[SourceVersionDate "2008.09.01"]
[SourceQuality "1"]

1. e4 c5 2. Nf3 d6 3. d4 cxd4 4. Nxd4 Nf6 5. Nc3 a6 6. Bc4 e6 7. Bg5 Be7 8. f3 0-0 9. Bb3 Nbd7 10. a3 Qc7 11. 0-0 b5 12. Be3 Bb7 13. Qd2 Rac8 14. Rac1 Ne5 15. Nxe6 fxe6 16. Bxe6+ Kh8 17. Bxc8 Rxc8 18. Nd5 Nxd5 19. exd5 Nc4 20. Qc3 Nxe3 21. Qxe3 Bf6 22. c3 Bxd5 23. Rcd1 Bb3 24. Rfe1 h6 25. Rd2 d5 26. g3 Qc4 27. Qe6 Qc5+ 28. Kg2 a5 29. Qg4 Bc4 30. b4 axb4 31. cxb4 Qc6 32. Re6 Qd7 33. Ra6 Qxg4 34. fxg4 Bc3 35. Rf2 d4 36. Rc2 d3 37. Rxc3 Bd5+ 38. Kf2 Rxc3 39. Ke3 Bc4 40. h4 Rc2 41. g5 hxg5 42. hxg5 Re2+ 43. Kf3 Bd5+ 44. Kf4 d2 45. Rd6 Re4+ 46. Kf5 g6+ 47. Kxg6 Re6+ 48. Rxe6 Bxe6 0-1